Minecraft: Esqueletos - Estadísticas

Estadísticas generales
  • Esta prueba ha sido intentada 122 veces
  • La puntuación promedio es 10 de 12
Estadísticas de respuestas
Pregunta Respuesta % Correcto
Los esqueletos se pueden generar montando una araña. Verdadero
100%
Si un esqueleto dispara a otro por equivocación, estos comenzaran a pelear. Verdadero
100%
Cuando un esqueleto se ahoga, se convierte en un esqueleto ahogado. Falso
96%
Tienen un arco extra en Minecraft Java Edition. Falso
96%
Tienen flechas infinitas. Verdadero
88%
Al matarlos, sueltan su arco el 75% de las veces. Falso
84%
Tiene 20 puntos de salud (10 corazones). Verdadero
84%
Los esqueletos disparan hasta a 15 bloques de distancia. Verdadero
84%
Pueden generarse en la fortaleza del Nether. Verdadero
80%
Si pasan un tiempo dentro de un bloque de nieve en polvo, se convertirán en esqueletos glaciares. Verdadero
76%
La flechas lanzadas por el arco del esqueleto hacen 4 corazones de daño. Falso
64%
En Minecraft Pocket Edition, los esqueletos tienen menos puntería. Verdadero
60%
No se encontraron pruebas coincidentes
Distribución de puntuación
Porcentaje de gente con cada puntuación
Porcentaje por número respondido
Historial de tus puntuaciones
No has intentado esta prueba.